Münchner S-Bahnstationen, die von mehreren Linien angefahren werden - Statistiken

Allgemein
  • Dieses Quiz wurde 179 mal gespielt
  • Das Durchschnittsergebnis liegt bei 19 aus 29
Antwortstatistiken
Linien S-Bahnstationen % Korrekt
S1, S2, S3, S4, S6, S7, S8 Hauptbahnhof
99%
S1, S2, S3, S4, S6, S7, S8 Karlsplatz (Stachus)
96%
S1, S2, S3, S4, S6, S7, S8 Marienplatz
95%
S1, S2, S3, S4, S6, S7, S8 Ostbahnhof
94%
S3, S4, S6, S8 Pasing
91%
S1, S2, S3, S4, S6, S7, S8 Donnersberger Brücke
90%
S1, S2, S3, S4, S6, S7, S8 Hackerbrücke
90%
S1, S2, S3, S4, S6, S8 Laim
87%
S1, S8 Flughafen München
81%
S1, S2, S3, S4, S6, S8 Hirschgarten
81%
S1, S2, S3, S4, S6, S7, S8 Isartor
80%
S1, S2, S3, S4, S6, S7, S8 Rosenheimer Platz
80%
S1, S2, S4, S6, S8 Leuchtenbergring
74%
S1, S8 Flughafen Besucherpark
62%
S2, S4, S6 Berg am Laim
60%
S3, S7 Giesing
56%
S4, S6 Haar
56%
S4, S6 Trudering
55%
S6, S8 Westkreuz
50%
S4, S6 Ebersberg
48%
S4, S6 Grafing Bahnhof
48%
S4, S6 Grafing Stadt
48%
S4, S6 Vaterstetten
43%
S3, S7 St.-Martin-Straße
41%
S4, S6 Zorneding
41%
S4, S6 Gronsdorf
36%
S4, S6 Kirchseeon
35%
S4, S6 Baldham
34%
S4, S6 Eglharting
29%
Keine übereinstimmenden Quizze gefunden
Verteilung der Resultate
Anzahl Personen mit jedem Resultat
Perzentil nach korrekt beantworteten Fragen
Ihre Resultats-Entwicklung
Sie haben dieses Quiz noch nicht gespielt